Power Rangers [ Operation overdrive volume 13

General viewing for all ages (U)

Bibliographic Details
Main Author: Beesley, Mark
Format: Book
Published: s.l : Toei Company Ltd. , 20-
Subjects:

MARC

LEADER 00000cam a2200000 7i4500
001 0000134607
005 20090828.0
090 0 0 |a JF   |b POW 
100 1 |a Beesley, Mark 
245 1 0 |a Power Rangers [  |h video compact disc] :   |b Operation overdrive volume 13   |c Mark Beesley 
255 |a Volume 13 
260 |a s.l :   |b Toei Company Ltd. ,   |c 20- 
300 |a 1 Video compact disc (60 minutes) :   |b col 
500 |a Library has 1 copy 
520 0 |a General viewing for all ages (U) 
650 0 0 |a Children's stories, English 
999 |a AV 24354   |b VIDEO COMPACT DISC   |c PINJAMAN   |e PERPUSTAKAAN KOMUNITI PETALING JAYA